Eva luna /
Guardado en:
| Autor Principal: | |
|---|---|
| Formato: | Libro |
| Publicado: |
Buenos Aires :
Sudamericana,
1987
|
| Series: | Contemporánea
|
| Materias: | |
| Etiquetas: |
Agregar Etiqueta
Sin Etiquetas, Sea el primero en etiquetar este registro!
|
| LEADER | 00598nam a22002175a 4500 | ||
|---|---|---|---|
| 001 | CEM.cems009321 | ||
| 005 | 20110323091524.0 | ||
| 008 | 130507s1987##################000#0#####d | ||
| 003 | CEMS | ||
| 020 | |a 9871138873 | ||
| 082 | 0 | 4 | |a Ch863.4 |
| 100 | 1 | |a Allende, Isabel | |
| 245 | 1 | 0 | |a Eva luna / |c Isabel Allende |
| 260 | |a Buenos Aires : |b Sudamericana, |c 1987 | ||
| 300 | |a 282 p. | ||
| 490 | 0 | |a Contemporánea | |
| 653 | |a Literatura | ||
| 653 | |a Literatura chilena-siglo 20 | ||
| 653 | |a Novelas | ||
| 653 | |a Novela chilena-siglo 20 | ||
| 859 | |a CEMS |b BIB. CEMS - 11 de abril |h Ch863.4 |i Al53-2 |p 18960.96 |t Ej.1 | ||
